000 00241nam a2200097Ia 4500
001 652416
005 20250826154438.0
008 250824s9999 xx 000 0 und d
245 0 _aAĞAÇKAKANLAR
_cCAHİT ZARİFOĞLU
260 _bBEYAN YAYINLARI
999 _c652416
_d652416